War in the blood : sex, politics and AIDS in Southeast Asia /

Bibliographic Details
Main Author: Beyrer, Chris
Format: Book
Language:English
Published: Bangkok : London ; New York : White Lotus ; Zed Books, 1998.
Subjects:

MARC

Tag First Indicator Second Indicator Subfields
LEADER 00000cam a2200000 a 4500
001 in00001405064
005 20151020064134.0
008 980202s1998 enk b 001 0 eng d
010 |a gb 98011031  
015 |a GB98-11031 
020 |a 1856495310 (cased) 
020 |a 1856495329 (limp) 
035 |a (OCoLC)38351241 
035 |9 AHP4586AM 
040 |a UKM  |c UKM  |d JNA  |d TXA  |d UtOrBLW 
043 |a as----- 
049 |a TXAM 
082 0 4 |a 614.5993920959  |2 21 
090 |a RA644.A25  |b B497 1998 
100 1 |a Beyrer, Chris. 
245 1 0 |a War in the blood :  |b sex, politics and AIDS in Southeast Asia /  |c Chris Beyrer. 
246 3 0 |a Sex, politics and AIDS in Southeast Asia 
264 1 |a Bangkok :  |b White Lotus ;  |a London ;  |a New York :  |b Zed Books,  |c 1998. 
300 |a x, 246 pages ;  |c 22 cm. 
336 |a text  |b txt  |2 rdacontent 
337 |a unmediated  |b n  |2 rdamedia 
338 |a volume  |b nc  |2 rdacarrier 
504 |a Includes bibliographical references (pages 225-237) and index. 
650 0 |a AIDS (Disease)  |z Southeast Asia  |x Epidemiology. 
650 0 |a Sex customs  |z Southeast Asia  |x History. 
651 0 |a Southeast Asia  |x Moral conditions. 
948 |a c:ce 
999 |a MARS 
999 f f |s 4f0f42b4-c53e-3a8d-94be-5b43c1fc6887  |i 57489dae-4abb-33e9-927e-95f73be78429  |t 0 
952 f f |p ric  |a Texas A&M University  |b Rellis Campus  |c Joint Library Facility  |d Remote Storage  |t 0  |e RA644.A25 B497 1998  |h Library of Congress classification  |i unmediated -- volume  |m A14823314182 
998 f f |a RA644.A25 B497 1998  |t 0  |l Remote Storage